Gender mainstreaming policy and strategy in the fisheries sector (Record no. 9210)

000 -LEADER
fixed length control field 00271nam a22001097a 4500
040 ## - CATALOGING SOURCE
Transcribing agency SK
082 ## - DEWEY DECIMAL CLASSIFICATION NUMBER
Classification number 123
100 ## - MAIN ENTRY--AUTHOR NAME
Personal name FISHERIES ADMINISTRATION
245 ## - TITLE STATEMENT
Title Gender mainstreaming policy and strategy in the fisheries sector
260 ## - PUBLICATION, DISTRIBUTION, ETC. (IMPRINT)
Place of publication Phnom Penh
Name of publisher FIS
Year of publication 2007
942 ## - ADDED ENTRY ELEMENTS (KOHA)
Koha item type សៀវភៅភាសាអង់គ្លេស

No items available.

មជ្ឈមណ្ឌលឯការនៃសាកលវិទ្យាល័យភូមិន្ទកសិកម្មចំការដូង

Powered by Koha